Microwave engineering / (Record no. 590513)

000 -LEADER
fixed length control field 02174cam a2200385 a 4500
001 - CONTROL NUMBER
control field 16910802
003 - CONTROL NUMBER IDENTIFIER
control field NUST
005 - DATE AND TIME OF LATEST TRANSACTION
control field 20220722110922.0
008 - FIXED-LENGTH DATA ELEMENTS--GENERAL INFORMATION
fixed length control field 110809s2012 njua b 001 0 eng
010 ## - LIBRARY OF CONGRESS CONTROL NUMBER
LC control number 2011033196
016 7# - NATIONAL BIBLIOGRAPHIC AGENCY CONTROL NUMBER
Record control number 015864610
Source Uk
020 ## - INTERNATIONAL STANDARD BOOK NUMBER
International Standard Book Number 9780470631553
020 ## - INTERNATIONAL STANDARD BOOK NUMBER
International Standard Book Number 0470631554
035 ## - SYSTEM CONTROL NUMBER
System control number (OCoLC)ocn714728044
040 ## - CATALOGING SOURCE
Original cataloging agency DLC
Transcribing agency DLC
Modifying agency YDX
-- BTCTA
-- UKMGB
-- YDXCP
-- BWX
-- CDX
-- BDX
-- UPM
-- DLC
042 ## - AUTHENTICATION CODE
Authentication code pcc
050 00 - LIBRARY OF CONGRESS CALL NUMBER
Classification number TK7876
Item number .P69 2012
082 00 - DEWEY DECIMAL CLASSIFICATION NUMBER
Classification number 621.3813, POZ
Edition number 23
084 ## - OTHER CLASSIFICATION NUMBER
Classification number TEC024000
Number source bisacsh
100 1# - MAIN ENTRY--PERSONAL NAME
Personal name Pozar, David M.
9 (RLIN) 28227
245 10 - TITLE STATEMENT
Title Microwave engineering /
Statement of responsibility, etc. David M. Pozar.
250 ## - EDITION STATEMENT
Edition statement 4th ed.
260 ## - PUBLICATION, DISTRIBUTION, ETC.
Place of publication, distribution, etc. Hoboken, NJ :
Name of publisher, distributor, etc. Wiley,
Date of publication, distribution, etc. c2012.
300 ## - PHYSICAL DESCRIPTION
Extent xvii, 732 p. :
Other physical details ill. ;
Dimensions 26 cm.
505 ## - FORMATTED CONTENTS NOTE
Formatted contents note Chapter 1. Electromagnetic Theory (Page-1), Chapter 2. Transmission Line Theory (Page-48),Chapter 3. Transmission Lines and Waveguides (Page-95),Chapter 4. Microwave Network Analysis (Page-165),Chapter 5. Impedance Matching and Tuning (Page-228),Chapter 6. Microwave Resonators (Page-272),Chapter 7. Power Dividers and Directional Couplers (Page-317),Chapter 8. Microwave Filters (Page-380),Chapter 9. Theory and Design of Ferromagnetic Components (Page-451),Chapter 10. Noise and Active RF Components (Page-496),Chapter 11. Microwave Amplifier Design. Active RF and Microwave Devices (Page-524),Chapter 12. Oscillators and Mixers Microwave Amplifier Design (Page-558),Chapter 13. Introduction to Microwave Systems Oscillators and Mixers (Page-604),Chapter 14: Introduction to Microwave Systems (Page-658).
650 #0 - SUBJECT ADDED ENTRY--TOPICAL TERM
Topical term or geographic name entry element Microwaves.
650 #0 - SUBJECT ADDED ENTRY--TOPICAL TERM
Topical term or geographic name entry element Microwave devices.
9 (RLIN) 28228
650 #0 - SUBJECT ADDED ENTRY--TOPICAL TERM
Topical term or geographic name entry element Microwave circuits.
856 42 - ELECTRONIC LOCATION AND ACCESS
Materials specified Publisher description
Uniform Resource Identifier <a href="http://www.loc.gov/catdir/enhancements/fy1210/2011033196-d.html">http://www.loc.gov/catdir/enhancements/fy1210/2011033196-d.html</a>
856 41 - ELECTRONIC LOCATION AND ACCESS
Materials specified Table of contents only
Uniform Resource Identifier <a href="http://www.loc.gov/catdir/enhancements/fy1210/2011033196-t.html">http://www.loc.gov/catdir/enhancements/fy1210/2011033196-t.html</a>
856 42 - ELECTRONIC LOCATION AND ACCESS
Materials specified Contributor biographical information
Uniform Resource Identifier <a href="http://www.loc.gov/catdir/enhancements/fy1506/2011033196-b.html">http://www.loc.gov/catdir/enhancements/fy1506/2011033196-b.html</a>
906 ## - LOCAL DATA ELEMENT F, LDF (RLIN)
a 7
b cbc
c orignew
d 1
e ecip
f 20
g y-gencatlg
942 ## - ADDED ENTRY ELEMENTS (KOHA)
Source of classification or shelving scheme
Koha item type Book
Holdings
Withdrawn status Lost status Source of classification or shelving scheme Damaged status Not for loan Permanent Location Current Location Shelving location Date acquired Total Checkouts Full call number Barcode Date last seen Date last checked out Price effective from Koha item type Public note
          Military College of Signals (MCS) Military College of Signals (MCS) Reference 07/22/2022 1 621.3813,POZ MCS38613 08/26/2024 08/22/2024 07/22/2022 Book Almirah Fresh No.45, Shelf No.2
          Military College of Signals (MCS) Military College of Signals (MCS) Reference 07/22/2022   621.3813, POZ MCS38614 07/22/2022   07/22/2022 Book Almirah Fresh No.43 Shelf No.5
© 2023 Central Library, National University of Sciences and Technology. All Rights Reserved.